Discovering the vernacular landscape
I tiakina i:
| Kaituhi matua: | |
|---|---|
| Hōputu: | Pukapuka |
| Reo: | Ingarihi |
| I whakaputaina: |
New Haven
Yale University Press
1984
|
| Putanga: | 1a. ed |
| Ngā marau: | |
| Ngā Tūtohu: |
Tāpirihia he Tūtohu
Kāore He Tūtohu, Me noho koe te mea tuatahi ki te tūtohu i tēnei pūkete!
|
MARC
| LEADER | 00000cam a2200000 a 4500 | ||
|---|---|---|---|
| 001 | UCC2606 | ||
| 003 | CL-VaPUC | ||
| 008 | 180309e19840000us |||||||||||||||||eng|d | ||
| 020 | |a 0300035810 | ||
| 082 | 0 | 4 | |a 712 |b BRI |2 21 |
| 100 | 0 | |a Brinckerhoff Jackson, John |e author |9 596664 | |
| 245 | 1 | 0 | |a Discovering the vernacular landscape |
| 250 | |a 1a. ed | ||
| 300 | |a 165 p | ||
| 942 | |c BK | ||
| 945 | |d 20180309 22:06:00 |a arojas | ||
| 260 | |a New Haven |b Yale University Press |c 1984 | ||
| 650 | 0 | |a Paisajismo |9 269021 | |
| 650 | 0 | |a Arquitectura del paisaje |9 268210 | |
| 651 | 0 | |a Estados Unidos |9 255178 | |
| 583 | |a last modification |c 20180309 22:06:00 |k Rodrigo Vera | ||
| 999 | |c 370660 |d 370658 | ||
| 952 | |0 0 |1 0 |3 erb |4 0 |6 712_000000000000000_BRI_1984 |7 0 |8 A |9 487233 |a BIBARQ |b BIBARQ |i 5453828 |o 712 BRI 1984 |p 5453828 |r 2025-01-20 |w 2019-11-24 |y BK |z Catalogado en:20180309 |k ARQ | ||